000 00188nam a22000977a 4500
082 _a823
245 _aREHEARSALE
246 _aREHEARSALE
_bREHEARSALE
650 _aENGLISH STORY
942 _cBK
999 _c8849
_d8849